Music Quiz

Random Music or Bands Quiz

Bands and Groups by Image A-Z Quiz Stats

 Plays Quiz Updated Aug 15, 2018

Score 0/26 Timer 07:00
13 Plays Today
Question Answer Wrong Answers
Which K Group Is This? KISS
97.4%
The Killers
0.6%
The Kinks
0.3%
KoЯn
0.3%
Which B Group Is This? The Beatles
97.2%
Blondie
0.2%
The Beach Boys
0.8%
Bee Gees
1.6%
Which D Group Is This? Daft Punk
96.6%
The Doors
0.5%
Dire Straits
1.4%
Deep Purple
0.7%
Which G Group Is This? Green Day
95.7%
Genesis
0.6%
Guns N' Roses
1.1%
Grateful Dead
1.5%
Which O Group Is This? One Direction
94.3%
Outkast
0.8%
The Offspring
0.8%
Oasis
2.3%
Which N Group Is This? Nirvana
92.1%
N.W.A
0.4%
Nine Inch Nails
1.9%
Nickelback
3.9%
Which E Group Is This? Earth, Wind & Fire
92%
Electric Light Orchestra
4.6%
Eagles
1.6%
Evanescence
0.9%
Which F Group Is This? Fleetwood Mac
92%
Foreigner
3%
Foo Fighters
1.9%
The Four Seasons
2.1%
Which Z Group Is This? ZZ Top
91.7%
The Zombies
2.3%
Zager and Evans
0.9%
Zac Brown Band
2.7%
Which U Group Is This? U2
91.7%
UB40
3.7%
The Used
1.1%
Uriah Heep
1.3%
Which S Group Is This? Sex Pistols
91.7%
Simon & Garfunkel
0.8%
Smashing Pumpkins
5%
Sly and the Family Stone
0.5%
Which R Group Is This? The Rolling Stones
91.5%
Radiohead
1.5%
R.E.M.
2.4%
Red Hot Chili Peppers
2.6%
Which P Group Is This? The Police
90.1%
Pearl Jam
3.1%
Pink Floyd
3%
Pretenders
1.8%
Which V Group Is This? Van Halen
88.6%
Velvet Revolver
2.4%
Violent Femmes
1.3%
The Velvet Underground
5.5%
Which Q Group Is This? Queen
88%
Queens of the Stone Age
2.9%
Queensrÿche
2.2%
Quiet Riot
4.9%
Which I Group Is This? Iron Maiden
86.9%
INXS
9.6%
Indigo Girls
0.6%
Insane Clown Posse
1.5%
Which H Group Is This? Heart
86%
Hall & Oates
5.8%
Huey Lewis and the News
2.3%
Hole
4.6%
Which W Group Is This? The Who
85%
The Wu-Tang Clan
0.8%
Weezer
8.3%
The White Stripes
3.6%
Which A Group Is This? AC/DC
82.4%
Aerosmith
3.9%
Alice in Chains
5.5%
The Allman Brothers Band
8%
Which C Group Is This? The Clash
80.2%
The Cure
12%
The Cars
5.6%
Cream
1.6%
Which T Group Is This? Talking Heads
76.9%
Thin Lizzy
11.6%
Tool
3.7%
Three Dog Night
5.6%
Which J Group Is This? Jefferson Airplane
76.6%
Journey
7.3%
Jane's Addiction
8.1%
Judas Priest
6.5%
Which M Group Is This? Metallica
69%
The Mamas & the Papas
0.9%
Mötley Crüe
24.6%
The Moody Blues
3.7%
Which L Group Is This? Led Zeppelin
68.3%
Living Colour
2%
Linkin Park
3.1%
Lynyrd Skynyrd
25%
Which X Group Is This? XTC
50.8%
The xx
9.3%
X Ambassadors
20.4%
X
17.1%
Which Y Group Is This? Yes
44.1%
The Yardbirds
35.1%
Yeah Yeah Yeahs
9.6%
The Young Rascals
8.8%

You're not logged in!

Compare scores with friends on all Sporcle quizzes.
OR
Log In

Sporcle TV

Today on Sporcle TV


Watch our educational content, quiz creation guides, and fun videos on Sporcle TV.

Show Comments

Extras

Top Quizzes Today


Score Distribution

Your Account Isn't Verified!

In order to create a playlist on Sporcle, you need to verify the email address you used during registration. Go to your Sporcle Settings to finish the process.

Report this User

Report this user for behavior that violates our Community Guidelines.

Details: